00998cam a2200241 a 450000100100000000500170001000800410002702000150006804000300008308200170011310000430013024500880017326001210026130000280038250400550041065000320046565000330049765000450053091000340057504900090060995201210061899900170073900001167720200929162527.0010524s2001 mx a b 001 0 spa  a9707010959 aDO-SdBNPbspacDLCdBNPHU a003.5bR467t1 aReza, Germán A. de la.b1958-92767210aTeoría de sistemas :breconstrucción de un paradigma /cGermán A. de la Reza. aMéxico :bUniversidad Autónoma Metropolitana, Unidad Xochimilco :bMiguel Ángel Porrua Grupo Editorial,c2001. a179 p. :bil. ;c23 cm. aIncluye referencias bibliográficas (p. 167-179). 4aTeoría de sistemas927673 4aCambio organizacional927674 4aAnálisis de sistemasxTeorías927675 aCatalogación por copia / LC aBNGR 001052708MOaGRbGRcCTd2009-10-23iLF1l0o003.5 R467tp11677-10r2020-06-25w2020-06-25y2ZPréstamo interno c11363d11363